Guess the Rappers - Statistics

General Stats
  • This quiz has been taken 30 times
  • The average score is 10 of 16
Answer Stats
Picture Answer % Correct
Biggie
100%
Eminem
96%
Pop smoke
88%
Tupac
88%
xxxtentacion
85%
Lil tecca
81%
Tyler the creator
81%
Central cee
77%
King von
77%
Chief keef
50%
Lil loaded
50%
Lil peep
50%
Bigxthaplug
46%
1900Rugrat
23%
Lil rt
19%
Lil jeff
12%
No matching quizzes found
Score Distribution
Percent of People with Each Score
Percentile by Number Answered
Your Score History
You have not taken this quiz